000 00621nam a22002052 4500
001 0000023296
005 20151217152239.0
008 121019s xx 000 0 eng d
020 _a0255365225 :
040 _aKABU
_cKABU
245 1 0 _aHIV and aids :
_bthe political economy of pressure groups and miseducation /
_cBarrie Craven ...[et al.].
250 _a1st ed.
260 _aLondon :
_bIEA,
_c2001.
300 _a99 p.
650 0 _aAIDS (Disease)
_@0000148458
700 1 _aCraven, Barrie.
_@0000182681
852 1 _9p250 KES
908 _a121019
950 _@1
999 _c9792
_d9792